004580000a22001570004500003001100000008004100011040003900052041000800091082001500099245009300114260002600207300000700233650001700240650002400257650001900281LK-CoMWRAF230817t ||||| |||| 00| 0 eng d aLK-CoMWRAFdLK-CoMWRAFeLK-CoMWRAF aeng a500.3bHUM aHuman Rights And The Un SystembFeminisms in the Muslim World Leadership Institute Lagos aNigeriabBAOBABc1999 ap. ahuman rights aUN and Human rights awomen's rights